000 00297 a2200157 4500
001 186841
020 _a
040 _cMagnum
100 _aSheikk, Luciano
240 1 0 _aSossego
_lpor
245 1 0 _aSossego
300 _a10
362 0 _a2005
697 _aLITERATURA INFANTIL
942 _cBK
999 _c186841
_d186841